| 000 | 00331nam a22001217a 4500 | ||
|---|---|---|---|
| 008 | 160427b xxu||||| |||| 00| 0 eng d | ||
| 020 | _a9780803600256 | ||
| 020 | _a0803600259 | ||
| 041 | _aeng | ||
| 080 | _a618.2 | ||
| 245 |
_aDolans critical care nursing: _cSusan D. Ruppert; Jeanette G. Kernicki; Joan T. Dolan; |
||
| 942 |
_2udc _cBK |
||
| 999 |
_c1638 _d1638 |
||